Minnesota Vikings Trivia - Statistics

General Stats
  • This quiz has been taken 2,430 times
    1,050 since last reset
  • The average score is 13 of 17
Answer Stats
Hint Answer % Correct
The Vikings #1 receiver since 2020 Justin Jefferson
97%
Starting quarterback from 2018–2023 Kirk Cousins
95%
Number of Super Bowls which the Vikings have won Zero
94%
The Vikings' all-time leaders in receiving yards Randy Moss
92%
Player who rushed for a record 296 yards in a game during his rookie season in 2007 Adrian Peterson
91%
Unheralded quarterback who led the Vikings to a surprise 14 win season in 2024 Sam Darnold
91%
Nickname of the Vikings' feared defensive front in the late 1960s and early 1970s Purple {People} {Eaters}
83%
Running back who averaged about 1000 yards per season from 2017–2022 Dalvin Cook
81%
The Vikings' all-time leaders in receiving yards Cris Carter
77%
The Viking equivalent of "cheers", "l'chaim", or "salud" Skol
76%
The Vikings' all-time leader in passing yards Fran Tarkenton
75%
Quarterback who threw for 4,717 yards in 2004 Daunte Culpepper
63%
Running back who the Vikings acquired from the Cowboys in a disastrous 1989 trade Herschel Walker
60%
Former Vikings stadium from 1982–2013 Hubert H. Humphrey Metrodome
60%
Singer whose #1 song "Truth Hurts" mentioned a "new man on the Minnesota Vikings" Lizzo
56%
Head coach of the Vikings from 1967–1983 Bud Grant
48%
Former Viking who is not only one of the greatest defensive tackles of all-time, but also served for 22 years on the Minnesota Supreme Court Alan Page
47%
No matching quizzes found
Score Distribution
Percent of People with Each Score
Percentile by Number Answered
Your Score History
You have not taken this quiz since the last reset